000 00607nam a2200229Ia 4500
003 0100
008 130307s9999 xx 000 0 und d
020 _a0582005604
040 _cARRUPELIB
050 _aLC2605.G68 1993
100 _aGould, W. T. S
245 _aPeople and education in the Third World
260 _aHarlow
260 _bLongman Scientific & Technical John Wiley
260 _c1993.
300 _ax
300 _b232 p. : ill. 22 cm.
440 _aLongman development studies
650 _bMorean, Basile Antoine Marie
650 _cCongregation of Holy Cross
942 0 0 _01
999 _c99816
_d99816